Naviščo vidkladaty

Bibliographic Details
Main Author: Herasymenko, Mykola (Author)
Format: Article
Language:Ukrainian
Subjects:

MARC

LEADER 00000nab a2200000 a 4500
001 vtls008834661
003 SK-MaSNL
005 20260303062459.0
008 060727c2006 xo mr p 000 c0ukr
015 |a SNBRB2006/07 
038 |a SVKPOCL 
040 |a SVKPOCL  |b slo  |c AACR2  |e AACR2 
041 0 |a ukr 
044 |a xo  |c SK 
080 |a 821.161.2-845=161.2  |2 2001 
080 |a 821.161.2-93=161.2  |2 2001 
100 1 |a Herasymenko, Mykola  |4 aut  |9 927156 
245 1 0 |a Naviščo vidkladaty  |c Mykola Herasymenko 
650 0 7 |a vtipy, ukrajinské  |2 svkpocl  |9 1058297 
655 7 |a texty  |2 svkpocl  |9 70511 
773 0 |t Veselka  |g Rič. [55], č. 10 (2005/2006), s. [12] 
852 |a SVKPO  |b KIS3GCP 
958 |a UK 
958 |a LX 
958 |a UA 
958 |a SK 
999 |c 1739321  |d 1741251